MDQL
is popping MORE tags! Check the
thread
!
Quizzes
Events
Quiz Creation
Community
Videos
Private Events
Remove Ads
Sign In
Join for FREE
Feedback
Dark Mode
Quiz Categories
Sports
Geography
Music
Movies
Television
Just For Fun
Miscellaneous
History
Literature
Language
Science
Gaming
Entertainment
Religion
Holiday
For Kids
Quiz Lab
Recent
Popular Today
Quiz Kudos Today
Editor Picks
Curator Picks
Quizzes by...
Day
Popularity
Type
Ratings
Length
Year
Community
Subscriptions
Recent Discussions
Orange Saloon
Badges
Playlists
Quests
Create
Leaderboards
Showdown
Live 5
Trivia Bingo
Activity
Puzzle Library
Sporcle Events
Private Events
Virtual Trivia
Globe League
Become a Host
Pub Owners
SporcleCon
Opinionation
Our Games
Videos
Blog
Mobile Apps
Partnerships
Remove Ads and Go Orange
Feedback
Science
Computer
Plants
Astronomy
Chemistry
Elements
Math
Animal
Physics
Anatomy
Biology
Geology
General Science
Science
Computer
Plants
Astronomy
Chemistry
Elements
Math
Animal
Physics
Anatomy
Biology
Geology
General Science
Random Quiz
Search Sporcle
×
Quiz Lab
Quiz Lab
Science
Biology
Select answers by clicking on text or image buttons
Select answers by clicking on text or image buttons
Clickable
Best Score? Go Orange.
Clickable Species - Canidae Stats
Can you pick the species of Canidae?
By
Fergenaprido
10m
35 Questions
71 Plays
71 Plays
71 Plays
Comments
Comments
Give Quiz Kudos
Give Quiz Kudos
-
- Ratings
hide this ad
More Info
Forced Order
Answers have to be entered in order
Answers have to be entered in order
Replay
Link that replays current quiz
Next Quiz
Link to next quiz in quiz playlist
You Got
0%
They Got
Avg Score
29%
Avg Friend Score
Upgrade to see
Score Distribution
Jump to the score distribution portion of the page
Score
0/35
Timer
10:00
0
Plays Today
% Correct
Vulpes velox
60%
Canis lupus
51.4%
Vulpes vulpes
47.1%
Vulpes corsac
45.7%
Vulpes bengalensis
44.3%
Vulpes pallida
42.9%
Canis latrans
41.4%
Vulpes rueppellii
41.4%
Canis aureus
38.6%
Lycalopex culpaeus
34.3%
Atelocynus microtis
32.9%
Lycalopex sechurae
32.9%
Dusicyon australis
30%
Vulpes zerda
30%
Canis adustus
28.6%
Vulpes lagopus
28.6%
Chrysocyon brachyurus
27.1%
Lycaon pictus
27.1%
% Correct
Nyctereutes procyonoides
27.1%
Canis simensis
25.7%
Vulpes ferrilata
25.7%
Canis mesomelas
24.3%
Cuon alpinus
24.3%
Speothos venaticus
24.3%
Cerdocyon thous
21.4%
Otocyon megalotis
21.4%
Urocyon littoralis
21.4%
Lycalopex griseus
20%
Urocyon cinereoargenteus
20%
Lycalopex fulvipes
18.6%
Vulpes chama
18.6%
Vulpes macrotis
18.6%
Vulpes cana
17.1%
Lycalopex gymnocercus
14.3%
Lycalopex vetulus
12.9%
Quiz Playlist
Details
Report
Send in Message
Add To Playlist
More Info:
Match the common name of each living canid species to its scientific name. One species (†) is recently extinct.
Clickable:
Select answers by clicking on text or image buttons
Forced Order:
Answers have to be entered in order
Quiz Source
Last Updated: Feb 16, 2017
Quiz Scoreboard
CHALLENGE
Sign Up to Join the Scoreboard
Show All
Scores
Hide
Comments
May contain spoilers
Recently Published
Image Sorting: Flags VI
by Barbecue
Geography
2m
Find the 'City' Movie
by crazypaving
Movies
60s
Colored Red Africa Blitz
by spor1
Geography
45s
More to Explore
Quiz From the Vault
Featured Blog Post
14 Easter Pick-up Lines to Find Eggs With
hide this ad
You Might Also Like...
Tags
Biology Quiz
Clickable Quiz
dog
Fox
species
Species List
Taxonomy
Wolf
Today's Top Quizzes in Science
Browse Science
hide this ad
Today's Top Quizzes in Biology
Browse Biology
Top Contributed Quizzes in Science
1
Windmill: Elements
2
200 Vogels in Nederland
3
Square Numbers Scrambled (1-50)
4
Count to 60
5
Glycolysis
6
Elements In Images
7
17 TIMES TABLE
8
4-letter Elementary Words III
9
The First 100 Digits of Pi
10
Astronomy Spelling Bee
Explore More
Trending Topics
Crossword
NBA
Harry Potter
Disney
Anime
Marvel
Kpop
Pokémon
The Office
Puzzle
Country
NFL
WWE
Song
Soccer
hide this ad
More By:
Fergenaprido
Quiz
Plays
Rating
Category
Featured
Created
Sex on Fire Lyrics
1,592
4.00
Music
Mar 21, 2014
The Wreck of the Edmund Fitzgerald Lyrics
1,489
4.28
Music
Mar 21, 2014
IMDB Top 250 Full Trilogies
445
3.20
Movies
Jan 1, 2014
Vaguely Worded Threesomes
217
4.13
Miscellaneous
Mar 20, 2014
Clickable Species - Felidae
119
4.50
Science
Nov 15, 2012
Go to Creator's Profile
Score Distribution
Quiz Creator Spotlight
Fergenaprido
Follow
Send a Message
Quizzes Created
-
Created Quiz Play Count
-
More By This Creator
Popular Quizzes Today
1
Colored Red Africa Blitz
2
Find the US States - No Outlines Minefield
3
Find the 'City' Movie
4
5x2 Blitz: Bands
5
The Countries of the World
6
Find the US States
7
Find the Countries of Europe - No Outlines Minefield
8
US States
More Science Quizzes
Does It Float? (Blitz)
Published
Trending Quizzes
Colored Red Europe Blitz I
Colored Red Europe Blitz II
Colored Red Africa Blitz II
Colored Red Europe Blitz III
Colored Red Africa Blitz III
Recently Updated
How Do You Spell That?
pecheneg
Godzilla Movies
pecheneg
Grab Bag: 4-10 Letters
pecheneg
2024 March Madness Bracket
pecheneg
Famous TV Couples
Peacemaker
Champions League XIs: Real Madrid
pecheneg
Largest US Cities 1790-2010
pecheneg
Rides in Walt Disney World
pecheneg
Most Oscar Losses (Acting)
pecheneg
Beyoncé Albums
pecheneg
Trending Topics
Marvel
Crossword
Anime
Kpop
NBA
Disney
Harry Potter
Soccer
Song
WWE
Puzzle
NFL
Pokémon
The Office
Country
Your Account Isn't Verified!
In order to create a playlist on Sporcle, you need to verify the email address you used during registration. Go to your
Sporcle Settings
to finish the process.
Report this User
Report this user for behavior that violates our
Community Guidelines
.
Details:
Send Report
Go to the Sporcle.com Mobile Site →
Comments